00392nam a22001457a 4500020001800000082001600018100002100034245005600055260003300111300001000144650002900154650002200183650002500205650001600230 a9788198286253 aM803bSAC/A aSachidanandan K. aAviramam:baathmaakhyaanangal/cby Sachidanandan K. aIndia:bCarnet Books,c2026. a271p. aMemoirs Sachidanandan K. aMemoirs Malayalam aLiterature Malayalam aLiterature